Полное собрание русских летописей, издаваемое Постоянной историко-археографической комиссией Академии наук СССР. Т. 1: Лаврентьевская летопись (Запись № 7223314)

Подробности
000 -МАРКЕР
контрольное поле 01475nam2a2200277 4500
001 - ИДЕНТИФИКАТОР ЗАПИСИ
контрольное поле v19\rc\1987397
005 - ИДЕНТИФИКАТОР ВЕРСИИ
контрольное поле 20260405124702.0
035 ## - ДРУГИЕ СИСТЕМНЫЕ НОМЕРА
Идентификатор записи (NLR Aleph) 005083663
100 ## - ДАННЫЕ ОБЩЕЙ ОБРАБОТКИ
Данные общей обработки 20080811d1927 |||y0rusy50 ca
101 0# - ЯЗЫК РЕСУРСА
Язык текста, звукозаписи и т.д. русский
102 ## - СТРАНА ПУБЛИКАЦИИ ИЛИ ПРОИЗВОДСТВА
Страна публикации Российская Федерация
105 ## - ПОЛЕ КОДИРОВАННЫХ ДАННЫХ: ТЕКСТОВЫЕ МАТЕРИАЛЫ, МОНОГРАФИЧЕСКИЕ
Кодированные данные о монографическом текстовом документе y z |||||
200 1# - ЗАГЛАВИЕ И СВЕДЕНИЯ ОБ ОТВЕТСТВЕННОСТИ
Основное заглавие Лаврентьевская летопись
Обозначение и номер части вып. 2
Наименование части Суздальская летопись по Лаврентьевскому списку
Первые сведения об ответственности [ред. Е. Ф. Карский]
210 ## - ПУБЛИКАЦИЯ, РАСПРОСТРАНЕНИЕ И ДР.
Дата издания, распространения и т.д. 1927
Место издания, распространения и т.д. Б. м.
215 ## - ФИЗИЧЕСКАЯ ХАРАКТЕРИСТИКА
Специфическое обозначение материала и объем Стб. 289-488
461 #0 - УРОВЕНЬ НАБОРА
Встроенное поле 001v19\rc\1987395
-- 2001#$aПолное собрание русских летописей, издаваемое Постоянной историко-археографической комиссией Академии наук СССР$vТ. 1
Системный номер (АБИС) связанной записи 5999466
Место публикации Ленинград
Дата публикации 1908-1929
Издание 2-е изд.
Заглавие Полное собрание русских летописей, издаваемое Постоянной историко-археографической комиссией Академии наук СССР
Номер тома Т. 1
702 #1 - ИМЯ ЛИЦА - ВТОРИЧНАЯ ОТВЕТСТВЕННОСТЬ
Код отношения Редактор
Материалы, к которым относится поле rus
Графика поля Кириллица
Начальный элемент ввода Карский
Часть имени, кроме начального элемента ввода Е. Ф.
Даты 1860-1931
Расширение инициалов личного имени Евфимий Федорович
Идентификатор авторитетной/нормативной записи RU\NLR\AUTH\7750107
Системный номер авторитетной/нормативной записи 33042
801 #0 - ИСТОЧНИК ЗАПИСИ
Страна Российская Федерация
Организация NLR
Правила каталогизации psbo
801 #1 - ИСТОЧНИК ЗАПИСИ
Страна Российская Федерация
Организация ProSoft-M
Источник данных rusmarc
852 ## - МЕСТОНАХОЖДЕНИЕ И ШИФР ХРАНЕНИЯ
Идентификатор организации NLR
Шифр хранения (Call Number) 18.31.2.4(1-2)
852 ## - МЕСТОНАХОЖДЕНИЕ И ШИФР ХРАНЕНИЯ
Идентификатор организации NLR
Шифр хранения (Call Number) 116/147(1-2)
852 ## - МЕСТОНАХОЖДЕНИЕ И ШИФР ХРАНЕНИЯ
Идентификатор организации NLR
Наименование фонда или коллекции (Sub-Location Identifier) Мф
Шифр хранения (Call Number) К1/9653(т. 1, вып. 2)
942 ## - ДОПОЛНИТЕЛЬНЫЕ ЭЛЕМЕНТЫ ЗАПИСИ (АБИС)
Тип экземпляра АБИС Книга
980 ## - КОЛЛЕКЦИЯ
Название коллекции Национальная библиография
Экземпляры
Тип экземпляра Дата поступления Библиотека постоянного хранения Библиотека текущего хранения Место хранения Шифр хранения Штрих-код Статус экземпляра Стоимость
Микрофильм 26.10.2013 РНБ (Московский) РНБ (Московский) Фонд микроформ Мф К1/9653(т. 1, вып. 2) 5083663-10    
Книга 21.08.2014 РНБ (Московский) РНБ (Московский) Фонд общего зала социально-экономической литературы С1 Т3(2)0/7,012/П-518 1-630307   0.00
Книга 26.10.2013 РНБ (Садовая) РНБ (Садовая) Русский книжный фонд -Главное здание, Ленинский читальный зал 18.31.2.4(1-2) 5083663-20    
Книга 22.01.2024 РНБ (Садовая) РНБ (Садовая) Русский книжный фонд -Главное здание, Ленинский читальный зал 116/147(1-2) 5083663-40